Представление документа в формате MARC21

Поле Инд. ПП Название Значение
Тип записи a
Библиографический уровень m
001 _ Контрольный номер RU/URAIT/458713
005 _ Дата корректировки 20250915104112.3
008 Кодируемые данные 210129s2021 RU y f j 000 0 rus u
020 a ISBN 978-5-534-13380-6
c Цена, тираж 1679.00
040 a Служба первич. каталог. ИКО Юрайт
c Служба, преобразующая запись ИКО Юрайт
e Правила каталог. RCR
041 a Код языка текста rus
044 a Код страны публикации RU
080 a Индекс УДК 336(075.8)
084 2 Источник индекса rubbk
a Индекс другой классификации/Индекс ББК 65я73
100 1_ a Автор Хоминич Ирина Петровна
q Полное имя Ирина Петровна
245 a Заглавие Управление финансовыми рисками
b Продолж. заглавия Учебник и практикум для вузов
c Ответственность под ред. Хоминич И.П.
250 g испр. и доп
a Основные сведения об издании 2-е изд.
256 a Характеристики компьютерного файла Электрон. дан.
260 a Место издания Москва
b Издательство Юрайт
c Дата издания 2021
300 a Объем 569 с
440 a Серия Высшее образование
500 a Примечание URL: https://urait.ru/bcode/458713 (дата обращения: 23.11.2021).
520 a Аннотация В курсе представлены классические и современные концепции управления финансовыми рисками, методы анализа, оценки, процедуры, модели и технологии финансового риск-менеджмента. Раскрыты особенности управления корпоративными финансовыми рисками в компаниях реального сектора экономики, банковских учреждениях, страховых организациях, профессиональных участниках рынка ценных бумаг, негосударственных пенсионных и паевых инвестиционных фондах, а также суверенными финансовыми рисками. Каждая тема курса содержит практикум, включающий вопросы, задачи, задания для самостоятельной работы. Соответствует актуальным требованиям Федерального государственного образовательного стандарта высшего образования. Курс будет полезен студентам бакалавриата и магистратуры экономических образовательных программ университетов, аспирантам экономических научных специальностей, преподавателям вузов и колледжей, специалистам-практикам в области риск-менеджмента.
538 a Прим. о системных особенностях Режим доступа: Электронно-библиотечная система Юрайт, для авториз. пользователей
653 a Ключевые слова Страхование. Управление рисками
653 a Ключевые слова Экономика и управление
653 a Ключевые слова Управление рисками
653 a Ключевые слова Риск-менеджмент
653 a Ключевые слова Управление финансовыми (страховыми, налоговыми и иными) рисками в системе экономической безопасности
653 a Ключевые слова Управление финансовыми рисками
653 a Ключевые слова Финансовый риск-менеджмент
653 a Ключевые слова Риск-менеджмент инвестиционного проекта
653 a Ключевые слова Основы риск-менеджмента
653 a Ключевые слова Основы управления рисками
653 a Ключевые слова Введение в риск-менеджмент
653 a Ключевые слова Основы финансового риск-менеджмента
653 a Ключевые слова Менеджмент риска
653 a Ключевые слова Риск-менеджмент в финансовой сфере
653 a Ключевые слова Риск-менеджмент и проектирование систем управления рисками хозяйствующих субъектов
653 a Ключевые слова Финансовые риски и страхование
700 1_ a Другие авторы Архипов Александр Петрович
q Полное имя Александр Петрович
700 1_ a Другие авторы Челухина Наталья Федоровна
q Полное имя Наталья Федоровна
700 1_ a Другие авторы Саввина Оксана Владимировна
q Полное имя Оксана Владимировна
700 1_ a Другие авторы Мягкова Юлия Юрьевна
q Полное имя Юлия Юрьевна
700 1_ a Другие авторы Асяева Эльмира Ахметшаевна
q Полное имя Эльмира Ахметшаевна
700 1_ a Другие авторы Перепелица Денис Григорьевич
q Полное имя Денис Григорьевич
700 1_ a Другие авторы Трифонов Борис Игоревич
q Полное имя Борис Игоревич
700 1_ a Другие авторы Злизина Анна Игоревна
q Полное имя Анна Игоревна
700 1_ a Другие авторы Громова Елена Ивановна
q Полное имя Елена Ивановна
700 1_ a Другие авторы Южакова Олеся Александровна
q Полное имя Олеся Александровна
700 1_ a Другие авторы Соловьева Юлия Анатольевна
q Полное имя Юлия Анатольевна
700 1_ a Другие авторы Алеканов Антон Сергеевич
q Полное имя Антон Сергеевич
700 1_ a Другие авторы Кузенкова Виктория Михайловна
q Полное имя Виктория Михайловна
700 1_ a Другие авторы Пещанская Ирина Владимировна
q Полное имя Ирина Владимировна
4 Код отношения 340
856 40 u URL https://urait.ru/bcode/458713
x Примечание для ЭОР https://urait.ru/book/cover/4A5CD698-70AA-4F20-96D8-BEE3EB9C6FE0
z Примечание для пользователя Участвует в КО
856 41 u URL https://urait.ru/book/cover/4A5CD698-70AA-4F20-96D8-BEE3EB9C6FE0